000 01058nam a22002057a 4500
003 OSt
005 20210315122035.0
008 210315n2010 ck ao||gr|||| 00| 0 spa d
040 _aCO-JMCR
_cCO-JMCR
041 _aspa
082 0 4 _223
_a918.635 /
_bB789b
110 2 _aColombia. Secretaria de Cultura y Turismo
_eautor
_936099
245 1 0 _aBoyacá :
_borgullo de América : departamento bicentenario /
_cSecretaria de Cultura y turismo
260 _a[Tunja] :
_bGobernación de Boyacá ;
_bSecretaría de Cultura y Turismo,
_c[2010]
300 _a102 páginas :
_bilustraciones y fotografías a color ;
_c21 x 28 cm.
505 0 _aBoyacá, destino histórico. Departamento Bicentenario -- Boyacá, destino ecoturístico. Departamento bicentenario -- Boyacá, Infraestructura hotelera -- Boyacá hecha a mano -- Consejos provinciales de turismo de Boyacá -- Directorio de operaciones turísticos de Boyacá
650 1 4 _aTurismo
_xGuías
_zBoyacá (Colombia)
_936100
650 2 4 _aBoyacá (Colombia)
_xDescripción
_vGuías
_936101
942 _2ddc
_cBK
999 _c15379
_d15379